000
00325nam a2200121Ia 4500
008
191201s2019 xx 000 0 und d
100
_a
Kumar,Sokindra & Other
245
0
_a
Human Anatomy & Physiology
260
_b
R.NARAIN Pub.
_a
New Delhi
_c
2019
300
_a
200
650
_a
Human Anatomy & Physiology
942
_2
ddc
_c
BK
_0
5
999
_c
8324
_d
8324